Correct the spelling - Statistics

General Stats
  • This quiz has been taken 54 times
  • The average score is 10 of 11
Answer Stats
Hint Answer % Correct
freedum Freedom
100%
Bilding Building
98%
buisness Business
98%
democrecy Democracy
98%
Eggwites Eggwhites
98%
firther Further
98%
hydratian Hydration
98%
spanesh Spanish
98%
nostaligia Nostalgia
96%
lollypop Lollipop
90%
Pseudopseudohypoparothyroidism Pseudopseudohypoparathyroidism
37%
No matching quizzes found
Score Distribution
Percent of People with Each Score
Percentile by Number Answered
Your Score History
You have not taken this quiz